| 000 | 00611nam a22001817a 4500 | ||
|---|---|---|---|
| 010 | _a928838 | ||
| 035 | _a928838 | ||
| 037 | _bCen Lib / Ret | ||
| 040 |
_aDPL _bEN |
||
| 082 |
_a954.1 _bBHA |
||
| 100 | _aKrishna Praksh Bahadur | ||
| 245 |
_aCaste, tribe & culture of India Vol. 6 Haryana, Himachal Pradesh, Punjab, Jammu & Kashmir and Sikkim / _cKrishna Prakash Bahadur |
||
| 260 |
_aNew Delhi _bEss Ess Publications _c1978 |
||
| 270 |
_a4837/24, daryaganj, Ansari Road _bNew Delhi _e110002 |
||
| 300 |
_av. 6, 187p _c22cm. |
||
| 500 | _aIncludes index | ||
| 942 |
_2ddc _cEN _h954.1 _mBHA |
||
| 999 |
_c136593 _d136593 |
||